Quizzes
Events
Quiz Creation
Community
Videos
Private Events
Remove Ads
Sign In
Join for FREE
Feedback
Dark Mode
Quiz Categories
Sports
Geography
Music
Movies
Television
Just For Fun
Miscellaneous
History
Literature
Language
Science
Gaming
Entertainment
Religion
Holiday
For Kids
Quiz Lab
Recent
Popular Today
Quiz Kudos Today
Editor Picks
Curator Picks
Quizzes by...
Day
Popularity
Type
Ratings
Length
Year
Community
Subscriptions
Recent Discussions
Orange Saloon
Badges
Playlists
Quests
Create
Leaderboards
Showdown
Live 5
Trivia Bingo
Activity
Puzzle Library
Sporcle Events
Private Events
Virtual Trivia
Globe League
Become a Host
Pub Owners
SporcleCon
Opinionation
Our Games
Videos
Blog
Mobile Apps
Partnerships
Remove Ads and Go Orange
Feedback
Language
Vocabulary
Begins and Ends
Definition
Spanish
French
German
Italian
Chinese
Latin
Translation
Japanese
Language
Vocabulary
Begins and Ends
Definition
Spanish
French
German
Italian
Chinese
Latin
Translation
Japanese
Random Quiz
Search Sporcle
×
Quiz Lab
Quiz Lab
Language
Latin
Type in answers that appear in a list
Type in answers that appear in a list
Classic
Best Score? Go Orange.
Chapter 6 Vocab ONLY Stats
Can you name the Chapter 6 Vocab ONLY?
By
kelsh
5m
19 Questions
102 Plays
102 Plays
102 Plays
Comments
Comments
Give Quiz Kudos
Give Quiz Kudos
-
- Ratings
hide this ad
Forced Order
Answers have to be entered in order
Answers have to be entered in order
Random Order
Randomize order of answers
Randomize order of answers
Replay
Link that replays current quiz
Next Quiz
Link to next quiz in quiz playlist
You Got
0%
They Got
Avg Score
67%
Avg Friend Score
Upgrade to see
Score Distribution
Jump to the score distribution portion of the page
Score
0/19
Timer
05:00
0
Plays Today
Latin
English
% Correct
secundus, a, um
second
88.2%
imperium, imperii, n.
empire/rule
84.3%
nemo
no one
79.4%
quantum
how much
79.4%
vehementer
vehemently
73.5%
tristis, -
e
sad
70.6%
tertius, a, um
third
69.6%
heres, heredis, m/
f.
heir
67.6%
necesse est
it is necessary
67.6%
fidelis, -
e
faithful
65.7%
Latin
English
% Correct
paulo
a little
64.7%
quam (with comparatives)
than
63.7%
laudo, laudare
praise
62.7%
inopia, inopiae, f.
lack
60.8%
decipio, decipere
deceive
58.8%
exercitus, exercitus, m.
army
56.9%
restituo, restituere
restore
56.9%
diligo, diligere
esteem highly
54.9%
satis
enough
53.9%
Quiz Playlist
Details
Report
Send in Message
Add To Playlist
Classic:
Type in answers that appear in a list
Forced Order:
Answers have to be entered in order
Random Order:
Randomize order of answers
Last Updated: Feb 16, 2017
Quiz Scoreboard
CHALLENGE
Sign Up to Join the Scoreboard
Show All
Scores
Hide
Comments
May contain spoilers
Recently Published
An Introduction to Baseball
by treessimontrees
Sports
5m
Movies - When Are They Set?
by FPL_Elf
Movies
5m
Popular People in 1961
by mucciniale
History
6m
More to Explore
Quiz From the Vault
Featured Blog Post
Where Did the Easter Bunny Come From?
hide this ad
You Might Also Like...
Tags
Latin Quiz
Chapter
Chapter 7
English
Today's Top Quizzes in Language
Browse Language
hide this ad
Today's Top Quizzes in Latin
Browse Latin
Top Contributed Quizzes in Language
1
1-10 Letter F Words III
2
Order Up: Top 10 Most Native Spoken Languages
3
1-10 Letter G Words III
4
1-10 Letter H Words III
5
One Thing in Common: Italy
6
1-10 Letter I Words III
7
Weisst du, aus welchen Sprachen diese Wörter stammen?
8
1-10 Letter J Words III
9
Begins and Ends With AN
10
Hiragana Speed Reading
Explore More
Trending Topics
Disney
Harry Potter
Kpop
Anime
Marvel
Crossword
NBA
Pokémon
NFL
WWE
Puzzle
The Office
Soccer
Song
Country
hide this ad
More By:
kelsh
Quiz
Plays
Rating
Category
Featured
Created
State by Motto
48,970
4.05
Geography
Sep 23, 2009
Chapters 1-5 1st Year Latin Vocab
1,685
Language
Oct 7, 2011
AP Vergil Common Vocab
1,368
4.75
Language
Dec 11, 2009
First Names of Scientists
997
4.85
Science
Nov 12, 2010
Latin Genitives
880
4.56
Language
Oct 12, 2010
Go to Creator's Profile
Score Distribution
Quiz Creator Spotlight
kelsh
Follow
Send a Message
Quizzes Created
-
Created Quiz Play Count
-
More By This Creator
Popular Quizzes Today
1
Find the Countries of Europe - No Outlines Minefield
2
Find the US States - No Outlines Minefield
3
The Countries of the World
4
Popular People in 1961
5
US States
6
1-10 Letter E Words III
7
Find the US States
8
One Thing in Common: World Cities II
More Language Quizzes
A Letter to the President
Published
Trending Quizzes
Risky Map Clicking: Least Populous States A-Z
1-10 Letter F Words
1-10 Letter G Words
One Thing in Common: United Kingdom
Risky Map Clicking: Next State Alphabetically
Recently Updated
Leaping Animals
pecheneg
Reality TV Shows (A-Z)
bhenderson79
Rickey Henderson's Hall of Fame Teammates
pecheneg
Champions League XIs: Arsenal
pecheneg
Quick Pick: Celebrities in WWE's Hall of Fame
aduchscher
A-Z Keypad Blitz II
pecheneg
Multiple Oscar Actors
pecheneg
Mystery Phrase Blitz: Oscar 'Best Actors'
pecheneg
F. Scott Fitzgerald Novels
LTH
Pick 3 Villains
ddd62291
Trending Topics
Harry Potter
Disney
Marvel
NBA
Kpop
Anime
Crossword
The Office
Soccer
WWE
Country
Pokémon
Song
Puzzle
NFL
Your Account Isn't Verified!
In order to create a playlist on Sporcle, you need to verify the email address you used during registration. Go to your
Sporcle Settings
to finish the process.
Report this User
Report this user for behavior that violates our
Community Guidelines
.
Details:
Send Report
Go to the Sporcle.com Mobile Site →
Comments